000 00715nam a2200217 i 4500
001 58144
003 ES-MaACL
005 20230906163733.0
007 t|
008 031021s1980 sz ||||1| fre d
100 1 _aDupréel, Eugène.
_946119
245 1 4 _aLes sophistes
_b: Protagoras, Gorgias, Prodicus, Hippias /
_cpar Eugène Dupréel.
260 _aNeuchatel :
_bGriffon,
_c1980.
300 _a407 p. ;
_c23 cm.
490 1 _aBibliothèque scientifique. Philosophie et histoire ;
_v14
600 1 4 _aProtágoras.
_9165350
650 0 4 _aSofistas.
_917218
830 0 _aBibliothèque scientifique. Philosophie et histoire ;
_v14
_9182638
852 _aES-MaACL
_jG-742
_bR.113768
999 _c58144
_d58144